[Event "44th Chess Olympiad Open 2022"]
[Site "Chennai"]
[Date "2022.08.02"]
[Round "5.6"]
[White "Almeida Quintana, Omar"]
[Black "Abasov, Nijat"]
[Result "1/2-1/2"]
[WhiteElo "2523"]
[BlackElo "2633"]
[Annotator "RC"]
[PlyCount "151"]
[EventDate "2022.07.29"]
[EventType "team-tourn"]
[EventCountry "IND"]
[SourceTitle "playchess.com"]
[Source "ChessBase"]
[SourceQuality "1"]
[WhiteTeam "Cuba"]
[BlackTeam "Azerbaijan"]
[WhiteTeamCountry "CUB"]
[BlackTeamCountry "AZE"]

1. d4 d5 2. Nf3 Nf6 3. c4 e6 4. Nc3 c5 5. cxd5 cxd4 6. Qa4+ Bd7 7. Qxd4 exd5 8.
Bg5 Nc6 9. Qd2 Be6 10. e3 h6 11. Bxf6 Qxf6 12. Bb5 Bb4 13. Rc1 a6 14. a3 Ba5
15. Bxc6+ bxc6 16. b4 Bc7 17. Nd4 Qg6 18. f4 Bd7 19. Nxd5 Bd8 20. Nc3 a5 21.
Nf3 Qe6 22. Na4 Be7 23. Nc5 Bxc5 24. Rxc5 O-O 25. O-O axb4 26. Re5 Qb3 27. axb4
Rfd8 28. Nd4 Qa3 29. Rb1 Rab8 30. h3 Re8 31. Rxe8+ Rxe8 32. Rb3 Qa7 33. Qc3 Qb7
34. Qc5 Be6 35. Ra3 Bd5 36. Ra7 Qc8 37. b5 Rxe3 38. Nxc6 Re1+ 39. Kf2 Qe6 40.
Ne7+ Kh7 41. Nxd5 Re2+ 42. Kg1 Qe4 43. Ne3 Rxe3 44. Rxf7 Rxh3 45. gxh3 Qg6+ 46.
Kf2 Qxf7 47. Qb4 Qa2+ 48. Ke3 Qh2 49. Qe4+ Kh8 50. Kd4 Qb2+ 51. Kc4 Qa2+ 52.
Kc5 Qa3+ 53. Kb6 Qxh3 54. Kc7 Qc3+ 55. Kb7 g5 56. Qe8+ Kh7 57. fxg5 Qg7+ 58.
Kc8 hxg5 59. b6 Qc3+ 60. Kd8 Qa5 61. Qd7+ Kh6 62. Kc7 Kh5 63. Qh3+ Kg6 64. Qf3
Qe5+ 65. Kc6 Qe8+ 66. Kc5 Qe7+ 67. Kb5 Qe5+ 68. Ka6 Qa1+ 69. Kb7 Qd4 70. Qc6+
Kh5 71. Kc8 Qh8+ 72. Kc7 Qg7+ 73. Qd7 Qc3+ 74. Qc6 Qg7+ 75. Kd8 Qd4+ 76. Kc7
1/2-1/2

[Event "44th Chess Olympiad Open 2022"]
[Site "Chennai"]
[Date "2022.08.02"]
[Round "5.7"]
[White "Maghsoodloo, Parham"]
[Black "Yilmaz, Mustafa"]
[Result "1/2-1/2"]
[WhiteElo "2701"]
[BlackElo "2634"]
[Annotator "ChessBase"]
[PlyCount "113"]
[EventDate "2022.07.29"]
[EventType "team-tourn"]
[EventCountry "IND"]
[SourceTitle "playchess.com"]
[Source "ChessBase"]
[SourceQuality "1"]
[WhiteTeam "Iran"]
[BlackTeam "Turkey"]
[WhiteTeamCountry "IRI"]
[BlackTeamCountry "TUR"]

1. e4 c5 2. Nf3 d6 3. d4 cxd4 4. Nxd4 Nf6 5. Nc3 a6 6. Bg5 e6 7. f4 Qb6 8. a3
Nbd7 9. f5 e5 10. Nb3 h6 11. Bh4 Be7 12. Qe2 Qc7 13. O-O-O b5 14. g4 Rb8 15.
Bxf6 Nxf6 16. h4 b4 17. axb4 Rxb4 18. Bg2 Bb7 19. g5 Nd7 20. Qh5 a5 21. Rh3 a4
22. Nd2 Bc6 23. Bf1 Nb6 24. f6 gxf6 25. gxh6 Rh7 26. Rf3 Bf8 27. Rxf6 Qe7 28.
Qg5 Nd7 29. Rf3 Bxh6 30. Qf5 Rg7 31. Kb1 Rd4 32. Nc4 Rxd1+ 33. Nxd1 Rg6 34. Nc3
Rf6 35. Qh5 Rxf3 36. Qxf3 Nc5 37. h5 Kf8 38. Na5 Bd7 39. Qd1 Kg8 40. Nc4 Bf8
41. Nb6 Be6 42. Bc4 Bxc4 43. Nxc4 Qh4 44. Qf3 Qf4 45. Qe2 Kh8 46. Nb6 Bh6 47.
Nbxa4 Nxa4 48. Nxa4 d5 49. Nc3 dxe4 50. Nxe4 f5 51. Nf6 Kg7 52. Nd5 Qc1+ 53.
Ka2 e4 54. Qa6 Qg5 55. Qe6 e3 56. Nxe3 Qxe3 57. Qxf5 1/2-1/2

[Event "44th Chess Olympiad Open 2022"]
[Site "Chennai"]
[Date "2022.08.02"]
[Round "5.7"]
[White "Idani, Pouya"]
[Black "Sanal, Vahap"]
[Result "1-0"]
[WhiteElo "2641"]
[BlackElo "2574"]
[Annotator "RC"]
[PlyCount "67"]
[EventDate "2022.07.29"]
[EventType "team-tourn"]
[EventCountry "IND"]
[SourceTitle "playchess.com"]
[Source "ChessBase"]
[SourceQuality "1"]
[WhiteTeam "Iran"]
[BlackTeam "Turkey"]
[WhiteTeamCountry "IRI"]
[BlackTeamCountry "TUR"]

1. e4 e5 2. Nf3 Nc6 3. Bb5 a6 4. Ba4 Nf6 5. O-O Be7 6. d3 b5 7. Bb3 d6 8. c3
O-O 9. a4 Bd7 10. Bc2 Re8 11. Re1 Bf8 12. Bg5 Rb8 13. Nbd2 h6 14. Bh4 g5 15.
Bg3 Ne7 16. axb5 axb5 17. Nf1 Ng6 18. Ne3 Nf4 19. d4 N6h5 20. h3 Qc8 21. Nh2
Bg7 22. Bxf4 Nxf4 23. d5 Ra8 24. Rb1 f6 25. g3 Ng6 26. Qh5 Ne7 27. Nhg4 Kh7 28.
Nxf6+ Bxf6 29. Qf7+ Bg7 30. Nf5 Nxf5 31. exf5 Rg8 32. Qg6+ Kh8 33. f6 e4 34.
Bxe4 1-0

[Event "44th Chess Olympiad Open 2022"]
[Site "Chennai"]
[Date "2022.08.02"]
[Round "5.7"]
[White "Can, Emre"]
[Black "Tabatabaei, M. Amin"]
[Result "1/2-1/2"]
[WhiteElo "2606"]
[BlackElo "2664"]
[Annotator "RC"]
[PlyCount "95"]
[EventDate "2022.07.29"]
[EventType "team-tourn"]
[EventCountry "IND"]
[SourceTitle "playchess.com"]
[Source "ChessBase"]
[SourceQuality "1"]
[WhiteTeam "Turkey"]
[BlackTeam "Iran"]
[WhiteTeamCountry "TUR"]
[BlackTeamCountry "IRI"]

1. d4 Nf6 2. c4 e6 3. g3 Bb4+ 4. Nd2 O-O 5. Bg2 d5 6. Ngf3 b6 7. O-O Bb7 8. Ne5
h6 9. Qc2 Bd6 10. cxd5 exd5 11. Ndc4 Re8 12. b3 Na6 13. Bb2 Ne4 14. Nxd6 cxd6
15. Nd3 Rc8 16. Qd1 Qd7 17. Rc1 Nc7 18. f3 Nf6 19. Qd2 Re7 20. Rfe1 Rce8 21. a4
Ba6 22. e3 g5 23. Nf2 Bb7 24. Bh3 Qd8 25. Qc3 Bc8 26. Bxc8 Qxc8 27. e4 Qb7 28.
e5 dxe5 29. dxe5 d4 30. Qd3 Nd7 31. Ng4 Re6 32. Qxd4 Na6 33. f4 f5 34. Ne3 gxf4
35. gxf4 Nac5 36. Nxf5 Nxb3 37. Qc3 Rg6+ 38. Ng3 Nxc1 39. Rxc1 Qd5 40. Qc2 Rg4
41. Qf5 Rg7 42. Qh5 Nf6 43. Qxh6 Qd3 44. exf6 Rxg3+ 45. hxg3 Qxg3+ 46. Kh1 Qf3+
47. Kg1 Qg3+ 48. Kh1 1/2-1/2

[Event "44th Chess Olympiad Open 2022"]
[Site "Chennai"]
[Date "2022.08.02"]
[Round "5.7"]
[White "Ali Marandi, Cemil Can"]
[Black "Daneshvar, Bardiya"]
[Result "0-1"]
[WhiteElo "2561"]
[BlackElo "2490"]
[Annotator "RC"]
[PlyCount "146"]
[EventDate "2022.07.29"]
[EventType "team-tourn"]
[EventCountry "IND"]
[SourceTitle "playchess.com"]
[Source "ChessBase"]
[SourceQuality "1"]
[WhiteTeam "Turkey"]
[BlackTeam "Iran"]
[WhiteTeamCountry "TUR"]
[BlackTeamCountry "IRI"]

1. d4 d5 2. Nf3 Nf6 3. Bf4 c5 4. e3 Nc6 5. Nbd2 cxd4 6. exd4 Bg4 7. c3 a6 8.
Qb3 Na5 9. Qc2 Bxf3 10. Nxf3 g6 11. Bd3 Bg7 12. h3 Rc8 13. O-O O-O 14. Rfe1 e6
15. Rad1 Nc4 16. Bxc4 Rxc4 17. Ne5 Rc8 18. Qc1 Ne4 19. f3 Nd6 20. Bh6 Nf5 21.
Bxg7 Kxg7 22. Qf4 h5 23. g4 g5 24. Qd2 hxg4 25. fxg4 Nd6 26. Nd3 Ne4 27. Qh2
Qc7 28. Qxc7 Rxc7 29. Kg2 Rh8 30. Rf1 Rh6 31. Rde1 Rf6 32. Rxf6 Kxf6 33. Nf2
Nd6 34. Nd3 b6 35. Nf2 Rc8 36. Kg3 Rh8 37. Kg2 Ke7 38. Re2 f6 39. Re1 Kd7 40.
Re2 a5 41. a3 Ke7 42. Re1 Nc4 43. Re2 Kd6 44. Nd1 e5 45. Rf2 Ke6 46. a4 Rb8 47.
Re2 b5 48. axb5 Rxb5 49. h4 gxh4 50. Kh3 e4 51. Kxh4 a4 52. Kg3 Rb3 53. Rc2 a3
54. bxa3 Rxa3 55. Re2 Ra1 56. Ne3 Nxe3 57. Rxe3 f5 58. gxf5+ Kxf5 59. Re2 Rc1
60. Rh2 Rxc3+ 61. Kf2 Rc2+ 62. Ke3 Rc3+ 63. Ke2 Rd3 64. Rh5+ Ke6 65. Rh6+ Kd7
66. Rg6 Rxd4 67. Ke3 Rd3+ 68. Kf4 e3 69. Rg3 d4 70. Ke4 Rd2 71. Kd5 e2 72. Rg7+
Ke8 73. Ke6 e1=Q+ 0-1

[Event "44th Chess Olympiad Open 2022"]
[Site "Chennai"]
[Date "2022.08.02"]
[Round "5.8"]
[White "Abdusattorov, Nodirbek"]
[Black "Pechac, Jergus"]
[Result "1-0"]
[WhiteElo "2688"]
[BlackElo "2594"]
[Annotator "TA"]
[PlyCount "53"]
[EventDate "2022.07.29"]
[EventType "team-tourn"]
[EventCountry "IND"]
[SourceTitle "playchess.com"]
[Source "ChessBase"]
[SourceQuality "1"]
[WhiteTeam "Uzbekistan"]
[BlackTeam "Slovakia"]
[WhiteTeamCountry "UZB"]
[BlackTeamCountry "SVK"]

1. e4 e5 2. Nf3 Nc6 3. Bb5 Nge7 4. O-O g6 5. d4 exd4 6. Nxd4 Bg7 7. Nxc6 bxc6
8. Ba4 O-O 9. Nc3 Rb8 10. Re1 d6 11. Bb3 Be6 12. Ne2 c5 13. Nf4 Bxb3 14. axb3
Nc6 15. c3 a5 16. Nd5 Ra8 17. Ra4 Ne5 18. Bf4 Re8 19. Bxe5 Bxe5 20. Ne3 Qb8 21.
Qc2 c6 22. g3 Qb5 23. Nc4 Reb8 24. f4 Bf6 25. Nxd6 Qxb3 26. Qxb3 Rxb3 27. Nc4
1-0

[Event "44th Chess Olympiad Open 2022"]
[Site "Chennai"]
[Date "2022.08.02"]
[Round "5.8"]
[White "Sindarov, Javokhir"]
[Black "Druska, Juraj"]
[Result "1-0"]
[WhiteElo "2629"]
[BlackElo "2519"]
[Annotator "RC"]
[PlyCount "75"]
[EventDate "2022.07.29"]
[EventType "team-tourn"]
[EventCountry "IND"]
[SourceTitle "playchess.com"]
[Source "ChessBase"]
[SourceQuality "1"]
[WhiteTeam "Uzbekistan"]
[BlackTeam "Slovakia"]
[WhiteTeamCountry "UZB"]
[BlackTeamCountry "SVK"]

1. e4 c6 2. d4 d5 3. exd5 cxd5 4. c4 Nf6 5. Nc3 g6 6. cxd5 Bg7 7. Bb5+ Nbd7 8.
d6 exd6 9. Qe2+ Qe7 10. Bf4 d5 11. Bd6 Qxe2+ 12. Ngxe2 a6 13. Ba4 b5 14. Bb3
Nb6 15. a4 bxa4 16. Nxa4 Nxa4 17. Bxa4+ Bd7 18. Nc3 O-O-O 19. Be5 Nh5 20. Bxd7+
Kxd7 21. Rxa6 f6 22. Ra7+ Ke6 23. Bc7 Ra8 24. Rxa8 Rxa8 25. Kd2 Bh6+ 26. Kc2
Kd7 27. Bg3 f5 28. Be5 Kc6 29. b4 Nf4 30. b5+ Kb7 31. Bxf4 Bxf4 32. Re1 Bxh2
33. Rh1 Bd6 34. Rxh7+ Kb6 35. Rg7 Ka5 36. Rxg6 Bh2 37. Rh6 Bg1 38. Rh1 1-0

[Event "44th Chess Olympiad Open 2022"]
[Site "Chennai"]
[Date "2022.08.02"]
[Round "5.8"]
[White "Gazik, Viktor"]
[Black "Yakubboev, Nodirbek"]
[Result "0-1"]
[WhiteElo "2544"]
[BlackElo "2620"]
[Annotator "RC"]
[PlyCount "80"]
[EventDate "2022.07.29"]
[EventType "team-tourn"]
[EventCountry "IND"]
[SourceTitle "playchess.com"]
[Source "ChessBase"]
[SourceQuality "1"]
[WhiteTeam "Slovakia"]
[BlackTeam "Uzbekistan"]
[WhiteTeamCountry "SVK"]
[BlackTeamCountry "UZB"]

1. e4 e5 2. Nf3 Nc6 3. d4 exd4 4. Nxd4 Bc5 5. Nb3 Bb6 6. Nc3 Nf6 7. Qe2 a5 8.
a4 O-O 9. Be3 Bxe3 10. Qxe3 d6 11. Be2 Re8 12. O-O-O Qe7 13. Rhe1 Nb4 14. h3
Bd7 15. Bf1 Bc6 16. Nd4 Qd7 17. Qf3 Re5 18. Nxc6 Qxc6 19. Kb1 Qc5 20. Bd3 Rae8
21. Qe3 Qxe3 22. Rxe3 c6 23. f4 R5e7 24. Rf3 d5 25. e5 Nd7 26. Bf5 Nc5 27. h4
g6 28. Bh3 f6 29. exf6 Re1 30. f5 Kf7 31. fxg6+ hxg6 32. Rf1 Rxd1+ 33. Nxd1 Ne4
34. Rf4 d4 35. c3 Nd2+ 36. Ka1 Nd3 37. Rg4 Re1 38. Ka2 Nc1+ 39. Ka1 Ncb3+ 40.
Ka2 Rxd1 0-1

[Event "44th Chess Olympiad Open 2022"]
[Site "Chennai"]
[Date "2022.08.02"]
[Round "5.8"]
[White "Repka, Christopher"]
[Black "Vakhidov, Jakhongir"]
[Result "0-1"]
[WhiteElo "2516"]
[BlackElo "2564"]
[Annotator "RC"]
[PlyCount "142"]
[EventDate "2022.07.29"]
[EventType "team-tourn"]
[EventCountry "IND"]
[SourceTitle "playchess.com"]
[Source "ChessBase"]
[SourceQuality "1"]
[WhiteTeam "Slovakia"]
[BlackTeam "Uzbekistan"]
[WhiteTeamCountry "SVK"]
[BlackTeamCountry "UZB"]

1. Nf3 g6 2. e4 c5 3. d4 cxd4 4. Nxd4 Bg7 5. c4 Nc6 6. Be3 Qb6 7. Nb3 Qd8 8.
Qd2 Nf6 9. Nc3 Ng4 10. Bf4 d6 11. h3 Nf6 12. Be2 O-O 13. O-O Be6 14. Rad1 Nd7
15. Be3 Rc8 16. f4 Na5 17. Nxa5 Qxa5 18. Nd5 Qxd2 19. Nxe7+ Kh8 20. Bxd2 Rce8
21. Bb4 Rxe7 22. Bxd6 Ree8 23. Bxf8 Nxf8 24. e5 f6 25. exf6 Bxf6 26. Rd2 Be7
27. Rfd1 Bc5+ 28. Kh1 Kg7 29. Bf3 Re7 30. Re2 b6 31. Bd5 Rd7 32. Red2 Be3 33.
Rd3 Bxd5 34. Rxd5 Rc7 35. f5 Rxc4 36. fxg6 hxg6 37. Re1 Bc5 38. Re2 a5 39. g3
Rc1+ 40. Kg2 Rg1+ 41. Kh2 Rf1 42. Kg2 Rf7 43. Rd3 Nh7 44. Rd8 Nf6 45. Rd3 Ng8
46. Red2 Bb4 47. Re2 Nh6 48. a3 Bc5 49. Red2 Nf5 50. Re2 g5 51. Re4 Nd6 52. Re2
a4 53. Rf3 Nc4 54. Rc3 b5 55. b3 axb3 56. Rxb3 Rb7 57. Kf3 Bxa3 58. Kg4 Be7 59.
Rxe7+ Rxe7 60. Rxb5 Kh6 61. Rc5 Re4+ 62. Kf3 Nd2+ 63. Kf2 Re6 64. Rb5 Rf6+ 65.
Kg2 Ne4 66. Rb2 Kg6 67. Ra2 Rc6 68. Kf3 Kf5 69. Ra5+ Rc5 70. Rxc5+ Nxc5 71. Ke3
Nb3 0-1

[Event "44th Chess Olympiad Open 2022"]
[Site "Chennai"]
[Date "2022.08.02"]
[Round "5.9"]
[White "Giri, Anish"]
[Black "Hansen, Eric"]
[Result "1-0"]
[WhiteElo "2760"]
[BlackElo "2606"]
[Annotator "TA"]
[PlyCount "80"]
[EventDate "2022.07.29"]
[EventType "team-tourn"]
[EventCountry "IND"]
[SourceTitle "playchess.com"]
[Source "ChessBase"]
[SourceQuality "1"]
[WhiteTeam "Netherlands"]
[BlackTeam "Canada"]
[WhiteTeamCountry "NED"]
[BlackTeamCountry "CAN"]

1. d4 d5 2. c4 e6 3. Nf3 Nf6 4. g3 Bb4+ 5. Bd2 Be7 6. Bg2 O-O 7. O-O dxc4 8.
Qa4 Bd7 9. Qxc4 Bc6 10. Rc1 Nbd7 11. Nc3 a6 12. Bf4 Rc8 13. a3 Nd5 14. b4 N7b6
15. Qd3 Nxc3 16. Rxc3 Nd5 17. Rxc6 Nxf4 18. gxf4 bxc6 19. Rc1 Bd6 20. e3 h6 21.
Qxa6 Ra8 22. Qd3 g5 23. fxg5 hxg5 24. h3 f5 25. Rxc6 Qf6 26. Nd2 g4 27. hxg4
fxg4 28. Ne4 Qf5 29. Rc2 Ra7 30. Rd2 Be7 31. Ng3 Qg5 32. Qb3 Kh8 33. d5 Rd8 34.
Rd3 exd5 35. Bxd5 Qe5 36. Qc4 Bh4 37. Ne2 Bg5 38. Kg2 Rd6 39. Nf4 Bxf4 40. exf4
Qf6 1-0

[Event "44th Chess Olympiad Open 2022"]
[Site "Chennai"]
[Date "2022.08.02"]
[Round "5.9"]
[White "Bok, Benjamin"]
[Black "Preotu, Razvan"]
[Result "1/2-1/2"]
[WhiteElo "2616"]
[BlackElo "2445"]
[Annotator "RC"]
[PlyCount "121"]
[EventDate "2022.07.29"]
[EventType "team-tourn"]
[EventCountry "IND"]
[SourceTitle "playchess.com"]
[Source "ChessBase"]
[SourceQuality "1"]
[WhiteTeam "Netherlands"]
[BlackTeam "Canada"]
[WhiteTeamCountry "NED"]
[BlackTeamCountry "CAN"]

1. Nf3 Nf6 2. c4 c5 3. Nc3 d5 4. cxd5 Nxd5 5. e4 Nb4 6. Bc4 Nd3+ 7. Ke2 Nf4+ 8.
Kf1 Ne6 9. h4 Nd4 10. Nb5 Ndc6 11. d4 a6 12. d5 axb5 13. Bxb5 e6 14. Qe2 exd5
15. exd5+ Be7 16. Bg5 O-O 17. dxc6 Nxc6 18. Bxc6 Bxg5 19. hxg5 bxc6 20. Qc2
Ba6+ 21. Kg1 Bd3 22. Qxc5 Be4 23. Rh3 Qd5 24. Qxd5 Bxd5 25. Nd4 Rfb8 26. b3 c5
27. Nc2 Be4 28. Ne1 Bd5 29. Rd1 Be6 30. Rc3 Rxa2 31. Nd3 h6 32. Nxc5 hxg5 33.
Nxe6 fxe6 34. Rd7 Kh7 35. Rcc7 Rxb3 36. Rxg7+ Kh6 37. Rh7+ Kg6 38. Rcg7+ Kf6
39. Rf7+ Kg6 40. Rhg7+ Kh6 41. Rh7+ Kg6 42. Rhg7+ Kh6 43. Rg8 Rb5 44. f3 Re5
45. Rfg7 Raa5 46. Kh2 Rab5 47. Kg3 Ra5 48. Rg6+ Kh7 49. R8g7+ Kh8 50. Rg8+ Kh7
51. R8g7+ Kh8 52. Kh3 Rf5 53. Rg8+ Kh7 54. R8g7+ Kh8 55. Re7 Rae5 56. Rexe6
Rxe6 57. Rxe6 Kg7 58. Kg4 Ra5 59. Kh5 Kf7 60. Rg6 g4+ 61. Rg5 1/2-1/2

[Event "44th Chess Olympiad Open 2022"]
[Site "Chennai"]
[Date "2022.08.02"]
[Round "5.9"]
[White "Panjwani, Raja"]
[Black "Van Foreest, Jorden"]
[Result "0-1"]
[WhiteElo "2450"]
[BlackElo "2678"]
[Annotator "RC"]
[PlyCount "80"]
[EventDate "2022.07.29"]
[EventType "team-tourn"]
[EventCountry "IND"]
[SourceTitle "playchess.com"]
[Source "ChessBase"]
[SourceQuality "1"]
[WhiteTeam "Canada"]
[BlackTeam "Netherlands"]
[WhiteTeamCountry "CAN"]
[BlackTeamCountry "NED"]

1. d4 d5 2. c4 c6 3. Nf3 Nf6 4. e3 Bf5 5. Nc3 e6 6. Nh4 Bg6 7. Be2 Nbd7 8. O-O
Be7 9. g3 a6 10. Bd2 dxc4 11. Bxc4 Bh5 12. Be2 Bxe2 13. Qxe2 c5 14. Nf3 O-O 15.
Rfd1 b5 16. e4 cxd4 17. Nxd4 Qb6 18. Be3 Qb7 19. f3 Rac8 20. Rac1 Ne5 21. Nb1
h6 22. Nd2 Rfd8 23. h3 Bb4 24. Rxc8 Rxc8 25. Nf1 Bc5 26. b3 Bb6 27. Nh2 Rc3 28.
Bf2 h5 29. Kg2 h4 30. Be1 Rc8 31. Ng4 Nfxg4 32. hxg4 Ng6 33. Nc2 Bc7 34. Nb4
Bxg3 35. Bxg3 hxg3 36. Kxg3 Qe7 37. Nd3 Rc3 38. Qe3 Qh4+ 39. Kg2 e5 40. Kf1 Nf4
0-1

[Event "44th Chess Olympiad Open 2022"]
[Site "Chennai"]
[Date "2022.08.02"]
[Round "5.9"]
[White "Samsonkin, Artiom"]
[Black "Warmerdam, Max"]
[Result "0-1"]
[WhiteElo "2434"]
[BlackElo "2610"]
[Annotator "RC"]
[PlyCount "78"]
[EventDate "2022.07.29"]
[EventType "team-tourn"]
[EventCountry "IND"]
[SourceTitle "playchess.com"]
[Source "ChessBase"]
[SourceQuality "1"]
[WhiteTeam "Canada"]
[BlackTeam "Netherlands"]
[WhiteTeamCountry "CAN"]
[BlackTeamCountry "NED"]

1. e4 c5 2. Nf3 e6 3. Nc3 Nc6 4. Bb5 Nd4 5. Bc4 a6 6. d3 b5 7. Bb3 Nxf3+ 8.
Qxf3 Bb7 9. O-O Nf6 10. Qe2 Qc7 11. a4 c4 12. dxc4 b4 13. Nd5 exd5 14. exd5+
Kd8 15. a5 Bc5 16. Qf3 Qe5 17. Bf4 Qe4 18. Qg3 Qg6 19. Qd3 d6 20. Rfe1 Bc8 21.
Be3 Bf5 22. Qd1 Re8 23. Ba4 Rxe3 24. Rxe3 Bxe3 25. fxe3 Qg4 26. Qf1 Bd7 27.
Bxd7 Kxd7 28. Ra4 Rb8 29. b3 Qe4 30. Qf2 Ke7 31. h3 Nd7 32. Ra1 Kf8 33. Rf1 Nf6
34. Qd2 Qe5 35. Rf4 Ne4 36. Qd3 Re8 37. Rf3 Ng5 38. Rf5 Qg3 39. e4 Nxe4 0-1

[Event "44th Chess Olympiad Open 2022"]
[Site "Chennai"]
[Date "2022.08.02"]
[Round "5.10"]
[White "Bluebaum, Matthias"]
[Black "Borisek, Jure"]
[Result "1/2-1/2"]
[WhiteElo "2673"]
[BlackElo "2577"]
[Annotator "RC"]
[PlyCount "179"]
[EventDate "2022.07.29"]
[EventType "team-tourn"]
[EventCountry "IND"]
[SourceTitle "playchess.com"]
[Source "ChessBase"]
[SourceQuality "1"]
[WhiteTeam "Germany"]
[BlackTeam "Slovenia"]
[WhiteTeamCountry "GER"]
[BlackTeamCountry "SLO"]

1. d4 d5 2. c4 dxc4 3. Nf3 Nf6 4. e3 e6 5. Bxc4 c5 6. O-O Nc6 7. Nc3 a6 8. d5
Na5 9. b3 b5 10. Bd3 Nxd5 11. Nxd5 exd5 12. Bb2 Bg4 13. Re1 Rc8 14. Be2 Nc6 15.
e4 d4 16. Nxd4 Bxe2 17. Nxe2 Qxd1 18. Rexd1 f6 19. Nf4 Be7 20. Nd5 Kf7 21. Ba3
Rhd8 22. Rac1 b4 23. Bb2 Na5 24. Nxe7 Kxe7 25. e5 c4 26. exf6+ gxf6 27. bxc4
Rxd1+ 28. Rxd1 Nxc4 29. Bd4 a5 30. g4 Kf7 31. Rc1 Rc6 32. f4 Ke6 33. Kf2 Kd5
34. Ba1 a4 35. Rd1+ Ke6 36. f5+ Ke7 37. Rc1 Ne5 38. Rxc6 Nxc6 39. Ke3 b3 40.
axb3 axb3 41. Kd3 Nd8 42. Kc4 Nf7 43. Kxb3 h5 44. gxh5 Nh6 45. Kc4 Nxf5 46. Kd5
Kf7 47. Ke4 Nh6 48. Kf4 Kg7 49. Bc3 Kf7 50. h3 Kg7 51. Bd2 Kh7 52. Ke4 Ng8 53.
Kf5 Nh6+ 54. Kxf6 Ng8+ 55. Kg5 Nh6 56. Bb4 Kg7 57. Bc3+ Kh7 58. Kf6 Ng8+ 59.
Kf7 Nh6+ 60. Ke6 Ng8 61. Bd2 Kg7 62. Be3 Nh6 63. Bg5 Ng8 64. Bd8 Nh6 65. Bf6+
Kh7 66. Bb2 Ng8 67. Kf7 Nh6+ 68. Kf6 Ng8+ 69. Kg5 Nh6 70. Ba3 Kg7 71. Bb2+ Kh7
72. Bd4 Ng8 73. Bc5 Kg7 74. Be3 Nh6 75. Bd4+ Kh7 76. Kf6 Ng8+ 77. Kf7 Nh6+ 78.
Ke6 Ng8 79. Kf5 Nh6+ 80. Kg5 Ng8 81. Be3 Kg7 82. Bc5 Nh6 83. Bf8+ Kxf8 84. Kxh6
Kg8 85. Kg6 Kh8 86. h6 Kg8 87. h4 Kh8 88. h5 Kg8 89. h7+ Kh8 90. Kh6 1/2-1/2

[Event "44th Chess Olympiad Open 2022"]
[Site "Chennai"]
[Date "2022.08.02"]
[Round "5.10"]
[White "Kollars, Dmitrij"]
[Black "Dobrovoljc, Vid"]
[Result "1-0"]
[WhiteElo "2648"]
[BlackElo "2398"]
[Annotator "RC"]
[PlyCount "125"]
[EventDate "2022.07.29"]
[EventType "team-tourn"]
[EventCountry "IND"]
[SourceTitle "playchess.com"]
[Source "ChessBase"]
[SourceQuality "1"]
[WhiteTeam "Germany"]
[BlackTeam "Slovenia"]
[WhiteTeamCountry "GER"]
[BlackTeamCountry "SLO"]

1. e4 e5 2. Nf3 Nc6 3. Bc4 Nf6 4. Ng5 d5 5. exd5 Na5 6. Bb5+ c6 7. dxc6 bxc6 8.
Bd3 Nd5 9. Nf3 Bd6 10. Nc3 f5 11. Nxd5 cxd5 12. b4 Nc6 13. Bb5 Qb6 14. Bxc6+
Qxc6 15. Bb2 d4 16. O-O O-O 17. c3 Ba6 18. Re1 dxc3 19. Qb3+ Qc4 20. Bxc3 e4
21. Nd4 Qxb3 22. axb3 Bd3 23. Ra5 g6 24. Rea1 Rf7 25. Nc6 Rb7 26. Rd5 Bf8 27.
h4 Rb6 28. Ne5 Bxb4 29. Nxd3 exd3 30. Rxd3 Bxc3 31. Rxc3 Rb7 32. h5 Kg7 33.
hxg6 hxg6 34. Ra6 Rb6 35. Rxb6 axb6 36. Kf1 Ra1+ 37. Ke2 Rb1 38. f4 Rg1 39. Rg3
Kf6 40. Kd3 Rf1 41. Rf3 Rg1 42. g3 Rc1 43. Kd4 Rc8 44. Kd5 g5 45. d4 b5 46. Re3
b4 47. Re6+ Kf7 48. fxg5 Rc3 49. Rf6+ Ke7 50. Rxf5 Rxb3 51. Kc4 Rxg3 52. Kxb4
Ke6 53. Re5+ Kd6 54. Kc4 Rg4 55. Ra5 Kd7 56. Kd3 Ke7 57. Ke3 Kd7 58. Rd5+ Kc6
59. Kf3 Rg1 60. Re5 Kd6 61. Kf4 Rd1 62. Ke4 Rf1 63. g6 1-0

[Event "44th Chess Olympiad Open 2022"]
[Site "Chennai"]
[Date "2022.08.02"]
[Round "5.10"]
[White "Subelj, Jan"]
[Black "Keymer, Vincent"]
[Result "0-1"]
[WhiteElo "2498"]
[BlackElo "2686"]
[Annotator "RC"]
[PlyCount "114"]
[EventDate "2022.07.29"]
[EventType "team-tourn"]
[EventCountry "IND"]
[SourceTitle "playchess.com"]
[Source "ChessBase"]
[SourceQuality "1"]
[WhiteTeam "Slovenia"]
[BlackTeam "Germany"]
[WhiteTeamCountry "SLO"]
[BlackTeamCountry "GER"]

1. e4 c5 2. Nf3 d6 3. Bb5+ Nd7 4. d4 cxd4 5. Nxd4 Ngf6 6. O-O g6 7. Re1 Bg7 8.
Bf1 Nc5 9. f3 O-O 10. Be3 Ne6 11. c4 Nxd4 12. Bxd4 Be6 13. Nc3 Qa5 14. Nd5 Bxd5
15. exd5 Rfe8 16. Kh1 Nh5 17. Re3 Bxd4 18. Qxd4 Ng7 19. Re4 Rad8 20. a3 e5 21.
dxe6 Rxe6 22. b4 Rxe4 23. Qxe4 Qb6 24. Rd1 Re8 25. Qf4 Nf5 26. Bd3 Qf2 27. Qc1
Ne3 28. Rd2 Ng4 29. Be4 Qe3 30. fxg4 Rxe4 31. h3 Rxc4 32. Qxc4 Qxd2 33. Qc8+
Kg7 34. Qxb7 Qc1+ 35. Kh2 Qxa3 36. Qb8 Qa6 37. Qc7 h6 38. Qc3+ Kg8 39. Qc7 Qb6
40. Qc8+ Kg7 41. Qc3+ Kh7 42. Qf6 Kg8 43. Qf4 d5 44. h4 d4 45. h5 g5 46. Qd2
Qc7+ 47. g3 Qc3 48. Qf2 d3 49. Qe3 Qc2+ 50. Kh3 Qe2 51. Qd4 d2 52. Qd8+ Kg7 53.
Qd4+ Kh7 54. Qf6 Qc4 55. Qf3 Kg7 56. b5 Qc2 57. b6 d1=Q 0-1

[Event "44th Chess Olympiad Open 2022"]
[Site "Chennai"]
[Date "2022.08.02"]
[Round "5.11"]
[White "Sethuraman, S.P.."]
[Black "Morovic Fernandez, Ivan"]
[Result "1-0"]
[WhiteElo "2623"]
[BlackElo "2489"]
[Annotator "RC"]
[PlyCount "81"]
[EventDate "2022.07.29"]
[EventType "team-tourn"]
[EventCountry "IND"]
[SourceTitle "playchess.com"]
[Source "ChessBase"]
[SourceQuality "1"]
[WhiteTeam "India"]
[BlackTeam "Chile"]
[WhiteTeamCountry "IND"]
[BlackTeamCountry "CHI"]

1. e4 e5 2. Nf3 Nc6 3. Bb5 a6 4. Ba4 Nf6 5. O-O Be7 6. Re1 b5 7. Bb3 d6 8. c3
O-O 9. h3 h6 10. d4 Re8 11. Nbd2 Bf8 12. Bc2 Bd7 13. Nf1 a5 14. Ng3 a4 15. Be3
Na5 16. b3 axb3 17. axb3 c5 18. d5 Qc7 19. Nh2 Rec8 20. Qf3 Qd8 21. Nf5 Bxf5
22. exf5 c4 23. b4 Nb3 24. Rad1 Ra3 25. g4 Rca8 26. h4 Na1 27. Bb1 Rxc3 28. g5
Nh7 29. f6 g6 30. Bxg6 fxg6 31. Rxa1 hxg5 32. hxg5 Nxg5 33. Qg4 Rxe3 34. fxe3
Rxa1 35. Rxa1 Qxf6 36. Rf1 Qe7 37. Nf3 Bh6 38. Kg2 Kg7 39. Qh4 e4 40. Nh2 Qd8
41. Ng4 1-0

[Event "44th Chess Olympiad Open 2022"]
[Site "Chennai"]
[Date "2022.08.02"]
[Round "5.11"]
[White "Henriquez Villagra, Cristobal"]
[Black "Ganguly, Surya Shekhar"]
[Result "1/2-1/2"]
[WhiteElo "2620"]
[BlackElo "2608"]
[Annotator "RC"]
[PlyCount "73"]
[EventDate "2022.07.29"]
[EventType "team-tourn"]
[EventCountry "IND"]
[SourceTitle "playchess.com"]
[Source "ChessBase"]
[SourceQuality "1"]
[WhiteTeam "Chile"]
[BlackTeam "India"]
[WhiteTeamCountry "CHI"]
[BlackTeamCountry "IND"]

1. c4 Nf6 2. Nc3 e6 3. e4 d5 4. cxd5 exd5 5. e5 Ne4 6. Nf3 Bf5 7. d3 Nxc3 8.
bxc3 c5 9. d4 Qa5 10. Bd2 Nc6 11. c4 Qd8 12. Qb3 Be4 13. Rc1 Be7 14. cxd5 Bxd5
15. Bc4 Bxc4 16. Rxc4 O-O 17. O-O Qd5 18. dxc5 Bxc5 19. Qc2 Bd4 20. Bf4 Rad8
21. Kh1 Bb6 22. Bg3 Qd3 23. Qc1 Rd5 24. h3 Rfd8 25. Kh2 Rc5 26. Rxc5 Bxc5 27.
Re1 Be7 28. e6 fxe6 29. Rxe6 Bf6 30. Qe1 h6 31. Bc7 Rf8 32. Bd6 Bc3 33. Qc1
Rxf3 34. gxf3 Kf7 35. Qe3 Qd5 36. Re7+ Nxe7 37. Qxe7+ 1/2-1/2